• AIU
  • Tony Wilmot Memorial Library

Notes from Indochina : (Record no. 64271)

MARC details
000 -LEADER
fixed length control field 00924cam a2200277 a 4500
005 - DATE AND TIME OF LATEST TRANSACTION
control field 20170619150158.0
008 - FIXED-LENGTH DATA ELEMENTS--GENERAL INFORMATION
fixed length control field 030522s1980 ab 00eng d
020 ## - INTERNATIONAL STANDARD BOOK NUMBER
International Standard Book Number 0883121557
035 ## - SYSTEM CONTROL NUMBER
System control number (MSEA old Access rec no.)1871
035 ## - SYSTEM CONTROL NUMBER
System control number (MSEA old Access item no.)B01889
040 ## - CATALOGING SOURCE
Original cataloging agency DTL
Modifying agency DTL
082 04 - DEWEY DECIMAL CLASSIFICATION NUMBER
Classification number 305.8959
100 1# - MAIN ENTRY--PERSONAL NAME
Personal name Gregerson, Marilyn Bergman.
245 00 - TITLE STATEMENT
Title Notes from Indochina :
Remainder of title on ethnic minority cultures /
Statement of responsibility, etc edited by Marilyn Gregerson, Dorothy Thomas.
260 ## - PUBLICATION, DISTRIBUTION, ETC. (IMPRINT)
Place of publication, distribution, etc Dallas, TX.:
Name of publisher, distributor, etc SIL Museum of Anthropology,
Date of publication, distribution, etc c1980
300 ## - PHYSICAL DESCRIPTION
Extent xvi , 254 p. :
Other physical details ill. , map.
336 ## -
-- rdacontent
-- text
337 ## -
-- rdamedia
-- unmediated
338 ## -
-- rdacarrier
-- volume
490 1# - SERIES STATEMENT
Series statement SIL museum of anthropology publication ;
Volume number/sequential designation no.6
500 ## - GENERAL NOTE
General note Includes reference.
650 #0 - SUBJECT ADDED ENTRY--TOPICAL TERM
Topical term or geographic name as entry element Ethnic groups
Geographic subdivision Indochina.
651 #0 - SUBJECT ADDED ENTRY--GEOGRAPHIC NAME
Geographic name Indochina
General subdivision Ethnic groups.
700 1# - ADDED ENTRY--PERSONAL NAME
Personal name Thomas, Dorothy.
942 ## - ADDED ENTRY ELEMENTS (KOHA)
Suppress in OPAC 0
Source of classification or shelving scheme
Holdings
Withdrawn status Lost status Source of classification or shelving scheme Damaged status Not for loan Collection code Home library Current library Shelving location Date acquired Source of acquisition Coded location qualifier Total Checkouts Full call number Barcode Date last seen Copy number Price effective from Koha item type
    Library of Congress Classification     Special Collection AIU/NEGST - Tony Wilmot Memorial Library AIU/NEGST - Tony Wilmot Memorial Library Special Collection 06/21/2016 Donation- SIL 30.00   S DS 556.44.N67 1980 R35187L3232 09/26/2019 1 08/22/2017 Special Collection